Clash Royale Skeleton Cards - Statistics

General Stats
  • This quiz has been taken 190 times
  • The average score is 9 of 13
Answer Stats
Elixir Cards % Correct
1 Skeletons
98%
3 Skeleton Army
94%
6 Giant Skeleton
91%
3 Skeleton Barrel
80%
4 Skeleton King
79%
3 Tombstone
77%
5 Graveyard
70%
4 Skeleton Dragons
70%
2 Bomber
65%
3 Guards
62%
2 Wall Breakers
47%
5 Balloon
43%
4 Bomb Tower
43%
No matching quizzes found
Score Distribution
Percent of People with Each Score
Percentile by Number Answered
Your Score History
You have not taken this quiz